书目信息 |
| 书名: | 易经画传 | |
| 作者: | 李燕今译绘画. | |
| 分册号: | ||
| 分册名: | 出版地: | 北京 : |
|
| 出版社: | 外文出版社 | |
| 出版时间: | 1997. | |
| 页数: | 456 p. ; | |
| 开本: | 20cm. | |
| 丛书名: | ||
| 中图分类号: | ||
| 科图分类号: | ||
| 其他分类号: | B221.04-64:H33 | |
| 主题词: | ||
| 电子资源: | ||
| 000 | 00402nam 2200157 a 4500 | |
| 001 | E0761968754 | |
| 005 | 20071001171419.75 | |
| 008 | 071001s1997 00010 eng | |
| 020 | @a978-7-119-01994-9. | |
| 040 | @aPFT@bchi | |
| 041 | @achi@hger | |
| 090 | @aB221.04-64:H33 | |
| 099 | @dB221.04-64:H33@ex1 | |
| 245 | @a易经画传 / @c李燕今译绘画. | |
| 260 | @a北京 :@b外文出版社,@c1997. | |
| 300 | @a456 p. ;@c20cm. | |
| 易经画传 / / 李燕今译绘画.-北京 : : 外文出版社, , 1997. |
| 456 p. ; ; 20cm. |
| ISBN 978-7-119-01994-9. |
| ● |
| 相关链接 |
|
|
|
|
正题名:易经画传
索取号:B221.04-64:H33/x1
 
预约/预借
| 序号 | 登录号 | 条形码 | 馆藏地/架位号 | 状态 | 备注 |
| 1 | 17447 | 300174479 | 第二样本阅览室/ [索取号:B221.04-64:H33/x1] | 在馆 | |
| 2 | 17448 | 300174488 | 第四借阅区/ [索取号:B221.04-64:H33/x1] | 在馆 | |
| 3 | 17449 | 300174497 | 第四借阅区/ [索取号:B221.04-64:H33/x1] | 在馆 | |
| 4 | 17716 | 300177163 | 第四借阅区/ [索取号:B221.04-64:H33/x1] | 在馆 |